Statistics for Countries Closest to Eritrea by first two letters

Click here to take the quiz!

General Stats

  • This quiz has been taken 193 times
  • The average score is 15 of 20

Answer Stats

kmcountrymiles% Correct
0Ethiopia0
98%
117Somalia72
98%
420South Sudan261
98%
0Sudan0
98%
477Egypt297
94%
0Djibouti0
88%
280Saudi Arabia174
88%
28Yemen18
85%
923Kenya574
81%
1161Oman721
80%
1335Chad830
75%
1308Libya813
65%
1309Dem Rep Congo813
64%
1154Uganda717
63%
1347Israel837
60%
1398Central African
Republic
869
58%
1285Jordan798
54%
1472Qatar914
43%
1402Iraq874
40%
1484Kuwait922
40%

Score Distribution

Percentile by Number Answered

Percent of People with Each Score

Your Score History

You have not taken this quiz